000 00607nam a2200181 i 4500
001 20618
003 ES-MaACL
005 20230906152332.0
007 t|
008 021115s1965 sp ||||1| spa d
100 1 _aAckley, Gardner.
_918286
245 1 0 _aTeoría macroeconómica /
_cGardner Ackley ; traducción de la 6ª reimpresión (1964) en inglés por Manuel de J. Fernández Cepero.
250 _a1ª ed. en español.
260 _aBarcelona, etc :
_bUteha,
_c[1965]
300 _aXVI, 636 p. ;
_c24 cm.
700 1 _aFernández Cepero, Manuel de J.
_949571
852 _aES-MaACL
_jC-33024
_bR.63517
999 _c20618
_d20618